000 00411nam a22001697a 4500
005 20180625114955.0
008 160511b xxu||||| |||| 00| 0 eng d
020 _a81-7446125-6
041 _aeng
082 _b1301
_a658
100 _aDiwan Parag
_9464
245 _aManagement Principles & Guidelines.
260 _aNew Delhi
_bExcel Books,
_c1998
300 _a363
650 _aManagement
_9241
942 _cBK
999 _c566
_d566